Τουρισμός και ανάπτυξη
Αποθηκεύτηκε σε:
| Κύριος συγγραφέας: | |
|---|---|
| Μορφή: | Βιβλίο |
| Γλώσσα: | Greek |
| Δημοσίευση: |
Αθήνα :
Interbooks,
c2000
|
| Θέματα: | |
| Ετικέτες: |
Προσθήκη ετικέτας
Δεν υπάρχουν, Καταχωρήστε ετικέτα πρώτοι!
|
MARC
| LEADER | 00000cam a2200000 i 4500 | ||
|---|---|---|---|
| 001 | 1/47006 | ||
| 008 | 040116s2000 gr | ||| |||| ||gre|| | ||
| 020 | |a 9603900834 | ||
| 035 | |l 10072001 | ||
| 040 | |a GR-MY-UA |b gre |e aacr | ||
| 041 | 0 | |a gre | |
| 082 | 0 | |a 338.4791 | |
| 100 | 1 | |a Ηγουμενάκης, Νίκος Γ. | |
| 245 | 1 | 0 | |a Τουρισμός και ανάπτυξη / |c Νίκος Γ. Ηγουμενάκης |
| 260 | |a Αθήνα : |b Interbooks, |c c2000 | ||
| 300 | |a 254 σ. |b διαγρ., πιν. | ||
| 504 | |a Περιλαμβάνει βιβλιογραφία και ευρετήρια | ||
| 650 | 0 | 0 | |a Tourism. |
| 852 | |a INST |b CHIOS |e 20040116 |h 338.4791 ΗΓΟ |p 005200012789 |q 005200012789 |t BK |y 4 |x 20210326 | ||
| 901 | |a BIBL2-2004-1 | ||
| 909 | |a Χ |b 107780 | ||
| 970 | |a Βασιλάκη |b Νίκη |z 2004/01/16 | ||